ស្បែកជើងថ្មីរបស់ដំរី / (Record no. 1204)

MARC details
000 -LEADER
fixed length control field 02038nam a22002897a 4500
005 - DATE AND TIME OF LATEST TRANSACTION
control field 20230808102737.0
020 ## - INTERNATIONAL STANDARD BOOK NUMBER
International Standard Book Number 9789924340973
040 ## - CATALOGING SOURCE
Original cataloging agency FISKH
Language of cataloging eng
Transcribing agency FISKH
Modifying agency FISKH
082 ## - DEWEY DECIMAL CLASSIFICATION NUMBER
Classification number 636.967
100 ## - MAIN ENTRY--PERSONAL NAME
Personal name Neme, Laurel
245 ## - TITLE STATEMENT
Remainder of title រឿងពិតរបស់ដំរីឈ្មោះឈូក នៅសួនសត្វភ្នំតាម៉ៅ :
Title ស្បែកជើងថ្មីរបស់ដំរី /
Statement of responsibility, etc. និពន្ធដោយ ឡូរែល ណេម ; គូររូបដោយ អារៀល ឡេនឌី ; បកប្រែពីភាសាអង់គ្លេសដោយ អ៊ូច សូលីដា
250 ## - EDITION STATEMENT
Edition statement បោះពុម្ពលើកទី២ មករា ២០២២​
260 ## - PUBLICATION, DISTRIBUTION, ETC.
Place of publication, distribution, etc. Phnom Penh :
Name of publisher, distributor, etc. Sipar,
Date of publication, distribution, etc. 2022.
300 ## - PHYSICAL DESCRIPTION
Extent 40 pages :
Other physical details color illustrations ;
Dimensions 24 cm
490 ## - SERIES STATEMENT
Series statement រឿងដំបូងៗ
505 ## - FORMATTED CONTENTS NOTE
Formatted contents note K <br/>
520 ## - SUMMARY, ETC.
Summary, etc. ឈូកជាកូនដំរីរបួសជើងមួយដោយសារអន្ទាក់លួសក្នុងព្រៃខេត្តមណ្ឌលគិរី។ នីកបានជួយឈូក និងនាំវាមកថែទាំនៅមជ្ឈមណ្ឌលសង្រ្គោះសត្វព្រៃភ្នំតាម៉ៅ។ នីកខំស្វះស្វែងជួយរកវិធីផលិតស្បែកជើងថ្មីឲវា។
520 ## - SUMMARY, ETC.
Summary, etc. Chhouk, a baby elephant, was injured in a leg by a wire trap in the forest of Mondulkiri province. Nick helped Chhouk and took care of him and moved him to Phnom Tamao Wildlife Rescue Center. Nick tries to find a way to make new shoe for him.
521 ## - TARGET AUDIENCE NOTE
Target audience note 510 <br/>
Source Lexile estimate
521 ## - TARGET AUDIENCE NOTE
Target audience note K <br/>
Source Raz-Plus <br/>
650 ## - SUBJECT ADDED ENTRY--TOPICAL TERM
Topical term or geographic name entry element ឈូក
Form subdivision សង្គ្រោះ
General subdivision ស្បែកជើងថ្មី
650 ## - SUBJECT ADDED ENTRY--TOPICAL TERM
Topical term or geographic name entry element Chhouk
Form subdivision Rescue
General subdivision New shoe
700 ## - ADDED ENTRY--PERSONAL NAME
Personal name Landy, Ariel
Titles and other words associated with a name illustrator
942 ## - ADDED ENTRY ELEMENTS (KOHA)
Source of classification or shelving scheme Dewey Decimal Classification
Koha item type Books
Suppress in OPAC No
999 ## -
-- 1204
-- 1204
Holdings
Withdrawn status Lost status Source of classification or shelving scheme Damaged status Not for loan Collection Home library Current library Shelving location Date acquired Total Checkouts Full call number Barcode Date due Date last seen Date last checked out Copy number Price effective from Koha item type
    Dewey Decimal Classification     Khmer Language Books / សៀវភៅភាសាខ្មែរ Footprints International School Library Network Toul Kork Campus Footprints International School Library Network Toul Kork Campus TK Campus, Room B402, Khmer Book Case 16, Shelves 112-123 / ទូរសៀវភៅខ្មែរលេខ ១៦​ ធ្នើរ ១១២ ដល់ ១២៣ បន្ទប់ B402 សាខាទួលគោក 08/08/2023 3 NEM 636.967 2023-0206 11/27/2025 11/13/2025 11/13/2025 1 08/08/2023 Books
    Dewey Decimal Classification     Khmer Language Books / សៀវភៅភាសាខ្មែរ Footprints International School Library Network Toul Kork Campus Footprints International School Library Network Toul Kork Campus TK Campus, Room B402, Khmer Book Case 16, Shelves 112-123 / ទូរសៀវភៅខ្មែរលេខ ១៦​ ធ្នើរ ១១២ ដល់ ១២៣ បន្ទប់ B402 សាខាទួលគោក 08/08/2023 1 NEM 636.967 2023-0207   04/26/2024 02/20/2024 2 08/08/2023 Books